000 00443nam a2200181Ia 4500
001 3807
005 20260306145710.0
008 260306t2008||||xx |||||||||||||| ||spa||
041 _aESP
082 _a303.4833
_bF96
100 _aFundación telefónica
_eAUT
245 0 _aLas TIC y el sector salud en latinoamérica
260 _c2008
300 _a378 páginas :
_c24 cm.
650 _aGEN
654 _aCHU
942 _cLIB
_dJUS
_fJUS
_2ddc
_n
999 _c3807
_d3807